Регионална библиотека "Любен Каравелов" - Русе

Пръстът на съдбата (Запис номер 172601)

MARC детайли
000 -Лидер
Контролно поле с фиксирана дължина 01153nam a2200301 c 4500
003 - Код на организацията, давaща контролен номер
Контролно поле BLK
005 - Дата и час на последна редакция
Контролно поле 20230506024440.0
008 - Елементи от данни с фиксирана дължина
fixed length control field 180411b bul|||||r ||||||| ||bul||
010 ## - Наследен системен номер
LC control number KNG00180940000
020 ## - Международен стандартен номер на книга ISBN
Международен стандартен номер на книга ISBN 954-8004-10-0
-- издат.: Абагар-МК'90
040 ## - Източник на каталожния запис
Идентификатор на билиотеката - собственик на записа BLK
041 ## - Код за език
Код за езика на текст/звукозапис или на отделно заглавие Български
Код за езика КДБФ Български
080 ## - УДК
Текстов определител УДК Английска литература
УДК код - определител по УДК 821.111
УДК определител -93-31
УДК - код + определител 821.111-93-31
100 1# - Редна дума - Автор
Автор Рид, Томас Майн
Дати, свързани с автора 1818-1883
Авторска отговорност първи автор
R(LIN) 365222
139 ## - Редно поле
Редна дума Рид, Томас Майн
Авторски знак Рид - Р 59
245 10 - Сведения за заглавието
Заглавие Пръстът на съдбата
Подзаглавни данни Романа юноши
Редно поле (дума) Томас Майн Рид; прев. от нем. Георги Чакъров.
257 ## - Страна на издаване
Страна на създаване/издаване България
260 ## - Област на издателските данни
-- София
Име на издателя, разпространителя и проч. Абагар-МК'90
Година на издаване 1991
Печатница Враца : печ. Полипринт
300 ## - Физическа характеристика
Страници 287 с.
Размери/Мащаб 20 см
380 ## - Жанр
Жанр Детска худож. лит.
500 ## - Общи забележки
Забележка Прев. от нем. изд. - 15 000 тир.
700 1# - Други автори (авторска отговорност)
Лично име Чакъров, Георги
Автороска отговорност (Описва отношението между автора и произведението) прев. от нем.
9 (RLIN) 382928
852 ## - Местоположение
Форматна сигнатура Цб 166682
856 4# - Електронен адрес и достъп
Електронен формат pdf - файл
Път до файла /url/
856 4# - Електронен адрес и достъп
Електронен формат pdf - файл
Път до файла /url/
942 ## - АРТИКУЛИ
Вид на библиотечния материал Книги
Скрит в OPAC Не
944 ## - СЪЗДАВАНЕ И РЕДАКЦИЯ на ЗАПИСА
Създаване/Редакция Създаване
Дата на регистрацията/редакция 03.09.2015
Служител, извършил регистрацията/редакцията Правда_Бадева
944 ## - СЪЗДАВАНЕ И РЕДАКЦИЯ на ЗАПИСА
Създаване/Редакция Редакция
Дата на регистрацията/редакция 06.10.2017
Служител, извършил регистрацията/редакцията Виолета_Тройчева
999 ## - СИСТЕМНИ КОНТРОЛНИ НОМЕРА
Koha biblionumber 172601
Koha biblioitemnumber 172601
Наличности
Код за отписване Код за изгубен артикул Източник на класификационната схема Код за повреда Коз за рестрикции Код за отдаване Артикулен № Име на библиотеката - собственик Име на библиотеката, в която се намира в момента Статус (Текущо местоположение) Дата на вписване в системата Местоположение - отдел Цена в лева Инвентарен номер Систематично азбучна сигнатура Баркод Номер на екземпляра Цена в евро Служебна бележка Служебен тип на артикула Бележка за публиката
  Не е изгубен Universal Decimal Classification Не е повреден без рестрикции ползва се в читалня 294162 Регионална библиотека "Любен Каравелов" Русе Регионална библиотека "Любен Каравелов" Русе Хранилище 1991-01-01 Хранилище 14.00 562163 Цб 166682 120000562163 1 7.16 N: стар фонд Дата: 01.01.1991 Книги  
Изтеглен Не е изгубен Universal Decimal Classification Не е повреден без рестрикции заемане за дома 294163 Регионална библиотека "Любен Каравелов" Русе Регионална библиотека "Любен Каравелов" Русе Заемна - подръчен фонд 1991-01-01 Заемна - подръчен фонд 14.00 561329 П 820-31/Р 59 561329 2 7.16 N: стар фонд Дата: 01.01.1991 Книги  
Изтеглен Не е изгубен Universal Decimal Classification Не е повреден без рестрикции заемане за дома 294164 Регионална библиотека "Любен Каравелов" Русе Регионална библиотека "Любен Каравелов" Русе Заемна - подръчен фонд 1991-01-01 Заемна - подръчен фонд 14.00 561331 П 820-31/Р 59 561331 3 7.16 N: стар фонд Дата: 01.01.1991 Книги  
Изтеглен Не е изгубен   Не е повреден без рестрикции заемане за дома 294165 Регионална библиотека "Любен Каравелов" Русе Регионална библиотека "Любен Каравелов" Русе   1991-01-01 Детски отдел 1.00 561335 Д 820/899/Р 59 561335 4 0.51 N: стар фонд Дата: 01.01.1991 Дата инв: 14.09.2015 Бележки инв: Д2015 Книги Отч.N: 47/2017 , Дата: 05.10.2017
Изтеглен Не е изгубен   Не е повреден без рестрикции заемане за дома 294166 Регионална библиотека "Любен Каравелов" Русе Регионална библиотека "Любен Каравелов" Русе   1991-01-01 Детски отдел 1.00 561336 Д 820/899/Р 59 561336 5 0.51 N: стар фонд Дата: 01.01.1991 Дата инв: 14.09.2015 Бележки инв: Д2015 Книги Отч.N: 47/2017 , Дата: 05.10.2017
Изтеглен Не е изгубен   Не е повреден без рестрикции заемане за дома 294167 Регионална библиотека "Любен Каравелов" Русе Регионална библиотека "Любен Каравелов" Русе   1991-01-01 Детски отдел 1.00 561337 Д 820/899/Р 59 561337 6 0.51 N: стар фонд Дата: 01.01.1991 Дата инв: 14.09.2015 Бележки инв: Д2015 Книги Отч.N: 47/2017 , Дата: 05.10.2017
Изтеглен Не е изгубен Universal Decimal Classification Не е повреден без рестрикции заемане за дома 294168 Регионална библиотека "Любен Каравелов" Русе Регионална библиотека "Любен Каравелов" Русе Детски отдел 1991-01-01 Детски отдел 14.00 561340 ДХ 820/899/Р 59 561340 7 7.16 N: стар фонд Дата: 01.01.1991 Дата инв: 14.09.2015 Бележки инв: Д2015 Книги  
Vip Innovations Ltd, Rousse, Bulgaria 2025